D-Amino Acids in Chemistry, life science and Biotechnology (Record no. 3398)

MARC details
000 -LEADER
fixed length control field 00421nam a22001457a 4500
008 - FIXED-LENGTH DATA ELEMENTS--GENERAL INFORMATION
fixed length control field 250512b |||||||| |||| 00| 0 eng d
020 ## - INTERNATIONAL STANDARD BOOK NUMBER
ISBN 139783906390659
100 ## - MAIN ENTRY--AUTHOR
Author Hans Bruckner
245 ## - TITLE STATEMENT
Title D-Amino Acids in Chemistry, life science and Biotechnology
260 ## - PUBLICATION, DISTRIBUTION, ETC. (IMPRINT)
Place of publication Switzer Land
Name of publisher Wiley - VCH
Date of publication 2011
300 ## - COLLATION
Pagination xiii, 377P.
Other physical details ill.
650 ## - TRACINGS
Main Subject Amino Acids
Subdivision (1st) D-Amino-Acid Oxide
942 ## - ADDED ENTRY ELEMENTS (KOHA)
Item type Books
050 ## - LIBRARY OF CONGRESS CALL NUMBER
Classification number QP561
Item number .D365
Holdings
Source of classification or shelving scheme Not for loan Permanent location Current location Date acquired Accession No. Full call number Barcode. Koha item type
Library of Congress Classification   Samuel Ogbemudia Main Library, University of Abuja Samuel Ogbemudia Main Library, University of Abuja 05/12/2025 2024/64241 2025-1868QP561.D365 2025-1868 Books